000 00563 a2200193 4500
005 20241203122919.0
010 _aB-761323
020 _a9789364685665
_c275.00
035 _aB-761323
037 _bGift/28.11.24
082 _a574
100 _aMishra, AP
_974569
245 _aS. Chand's Science Pules Biology;
_bFor Middle School 6/
_cAP Mishra
260 _aU.P.
_bS. Chand's
_c2025
270 _aU. P.
300 _a124 p.
_c27cm (Pb)
942 _adpl
_cCH
_2ddc
_h574
_mMIS
999 _c207353
_d207353